Clearing and settlement of derivatives (Record no. 251642)

MARC details
000 -LEADER
fixed length control field 00617nam a2200205Ia 4500
008 - FIXED-LENGTH DATA ELEMENTS--GENERAL INFORMATION
fixed length control field 191130s2005##################000#0#eng##
020 ## - INTERNATIONAL STANDARD BOOK NUMBER
ISBN 9780750664523
082 ## - DEWEY DECIMAL CLASSIFICATION NUMBER
Classification number 332.6457 LOA
100 ## - MAIN ENTRY--AUTHOR NAME
Personal name Loader, David
245 ## - TITLE STATEMENT
Title Clearing and settlement of derivatives
Statement of responsibility, etc David Loader
260 ## - PUBLICATION, DISTRIBUTION, ETC. (IMPRINT)
Place of publication Amsterdam
Name of publisher Elsevier
Year of publication c2005
300 ## - PHYSICAL DESCRIPTION
Number of Pages xiii, 273 p. : ill. ; 24 cm
500 ## - GENERAL NOTE
General note Includes bibliographical references (p. [245]-247) and index
650 ## - SUBJECT ADDED ENTRY--TOPICAL TERM
Topical Term Derivative securities
991 ## -
-- 152165
Holdings
Withdrawn status Lost status Damaged status Not for loan Home library Current library Shelving location Date acquired Full call number Accession Number Price effective from Koha item type
        Anna Centenary Library Anna Centenary Library 4TH FLOOR, A WING 13.10.2020 332.6457 LOA 292880 13.10.2020 English Books

Find us on the map